| 000 | 01022nas a2200349 4500 | ||
|---|---|---|---|
| 001 | BR0304057 | ||
| 003 | BR-BrBNA | ||
| 005 | 20231205104007.0 | ||
| 007 | ta | ||
| 008 | 230509b bl.|||p| |||| 00| 00por d | ||
| 040 |
_aBR-BrBNA _bpor _cBiblioteca Nacional de Agricultura |
||
| 041 | _a(En) | ||
| 072 | _aF04 | ||
| 100 | 1 | _aAmbrosano, E.J. | |
| 100 | 1 | _aTrivelin, P.C.O. | |
| 100 | 1 | _aCantarella, H. | |
| 100 | 1 | _aAmbrosano, G.M.B. | |
| 100 | 1 | _aMuraoka, T. | |
| 245 | 1 | _aNitrogen mineralization in soils amended with sunnhemp, velvet bean and common bean redisues | |
| 650 | _aSOLO | ||
| 650 | _aMINERALIZAÇÃO | ||
| 650 | _aCANHAMO DA ÍNDIA | ||
| 650 | _aMUCUNA PRETA | ||
| 650 | _aFEIJÃO | ||
| 650 | _aNITROGÊNIO | ||
| 650 | _aADUBO VERDE | ||
| 650 | _aRESTO DE CULTURA | ||
| 650 | _aABSORÇÃO DE NUTRIENTES | ||
| 773 | 0 |
_tScientia Agrícola (Brazil) _xISSN 0103-9016 _g(Jan-Mar 2003), v. 60(1) p. 133-137 _wBR0304057 |
|
| 909 |
_a202311 _bLúcia _c55 _dLúcia Elande |
||
| 942 |
_2AGRIS _n0 _cANA |
||
| 999 |
_c175842 _d175842 |
||